000 00768nam a2200229Ia 4500
003 OSt
005 20220923214713.0
006 a|||||r|||| 00| 0
007 ta
008 220922b |||||||| |||| 00| 0 hin d
024 _a171,822
037 _cTextual
040 _aARTS
_cARTS
_bhin
041 _2hin
_ahin
082 _aO152:3N291:21, J9;L4
100 _aयादव, राजेन्द्र
_9156270
245 0 _aसुजाता की डायरी
_b शह और मात
246 _aSujātā kī ḍāyarī: shah aur māta
260 _aदिल्ली
_b अक्षर प्रका0
_c1974
942 _hO152:3N291:21, J9;L4
_cTEXL
_2CC
999 _c325963
_d325963